Incomplete observations and simultaneous-equations models (Registro nro. 26061)
[ vista simple ]
| 000 -LEADER | |
|---|---|
| fixed length control field | 00348 a2200109 4500 |
| 001 - CONTROL NUMBER | |
| control field | ART_12063 |
| 005 - DATE AND TIME OF LATEST TRANSACTION | |
| control field | 20260410161903.0 |
| 008 - FIXED-LENGTH DATA ELEMENTS--GENERAL INFORMATION | |
| fixed length control field | 260409a |
| 100 1# - MAIN ENTRY--PERSONAL NAME | |
| Personal name | Dagenais, Marcel G. |
| 245 10 - TITLE STATEMENT | |
| Title | Incomplete observations and simultaneous-equations models |
| 773 0# - HOST ITEM ENTRY | |
| Title | Journal of econometrics |
| Related parts | - Vol. 4, Nº 3 (ago. 1976) |
| Record control number | REV11720 |
No hay ítems disponibles.